[Event "Al Ain Classic 2012"]
[Site "Al-Ain UAE"]
[Date "2012.12.23"]
[Round "2.1"]
[White "Moosavian, S.Hamed"]
[Black "Miroshnichenko, Evgenij"]
[Result "0-1"]
[WhiteTitle "IM"]
[BlackTitle "GM"]
[WhiteElo "2377"]
[BlackElo "2628"]
[WhiteFideId "12501930"]
[BlackFideId "14102595"]
[EventDate "2012.12.22"]

1. e4 c5 2. Nf3 d6 3. d4 cxd4 4. Nxd4 Nf6 5. Nc3 a6 6. Bc4 e6 7. Bb3 Nbd7 8. O-O
Nc5 9. f4 Ncxe4 10. Nxe4 Nxe4 11. f5 e5 12. Qh5 d5 13. Re1 Qc7 14. Ne6 Bxe6 15.
fxe6 Qb6+ 16. Be3 Qxe6 17. Bd4 g6 18. Qxe5 Qxe5 19. Bxe5 Bc5+ 20. Kh1 O-O 21.
Bg3 Rad8 22. Rad1 Bf2 23. Rxe4 dxe4 24. Rxd8 Rxd8 25. Bxf2 Rd1+ 26. Bg1 e3 27.
Bc4 Re1 28. h3 e2 29. Kh2 Rxg1 30. Bxe2 Rb1 0-1

[Event "Al Ain Classic 2012"]
[Site "Al-Ain UAE"]
[Date "2012.12.23"]
[Round "2.2"]
[White "Paragua, Mark"]
[Black "Senador, Emmanuel"]
[Result "1-0"]
[WhiteTitle "GM"]
[BlackTitle "IM"]
[WhiteElo "2533"]
[BlackElo "2352"]
[WhiteFideId "5201241"]
[BlackFideId "5200601"]
[EventDate "2012.12.22"]

1. e4 Nf6 2. e5 Nd5 3. d4 d6 4. Nf3 g6 5. Bc4 c6 6. O-O Bg7 7. Re1 O-O 8. Nc3
Nxc3 9. bxc3 Bg4 10. e6 d5 11. exf7+ Rxf7 12. Be2 Bxf3 13. Bxf3 Nd7 14. Bg5 Nf8
15. Bh4 Bf6 16. Bg3 Qa5 17. Qd3 Re8 18. c4 e6 19. cxd5 cxd5 20. c4 Rc8 21. cxd5
exd5 22. Be5 Rc3 23. Qd2 Ra3 24. Qb2 Ra4 25. Qb3 Bxe5 26. Rxe5 Ra3 27. Qxd5 Qb6
28. Re7 Qf6 29. Rxb7 1-0

[Event "Al Ain Classic 2012"]
[Site "Al-Ain UAE"]
[Date "2012.12.23"]
[Round "2.3"]
[White "Lodhi, Mahmood"]
[Black "Kotanjian, Tigran"]
[Result "0-1"]
[WhiteTitle "IM"]
[BlackTitle "GM"]
[WhiteElo "2353"]
[BlackElo "2518"]
[WhiteFideId "7800010"]
[BlackFideId "13301250"]
[EventDate "2012.12.22"]

1. d4 c5 2. d5 e5 3. c4 d6 4. Nc3 Be7 5. e4 Bg5 6. Bxg5 Qxg5 7. Nf3 Qe7 8. g3
Nf6 9. Bg2 O-O 10. O-O Na6 11. Nh4 Nc7 12. Qd2 Rb8 13. a4 b6 14. Rae1 Nfe8 15.
f4 f6 16. Nd1 a6 17. Ne3 g6 18. b3 b5 19. a5 bxc4 20. bxc4 exf4 21. Rxf4 Qe5 22.
Rf2 Bd7 23. Qd3 Ng7 24. Nf3 Qe7 25. h3 Nh5 26. Nf1 Rb4 27. Rfe2 Qg7 28. N3d2
Rfb8 29. Qf3 Qe7 30. Rf2 Ne8 31. g4 Nhg7 32. Qg3 g5 33. h4 h6 34. hxg5 hxg5 35.
Ne3 Qe5 36. Qh3 Rb2 37. Rfe2 Qc3 38. Nf5 Qxh3 39. Bxh3 Ra2 40. Bf1 Rxa5 41. Rb1
Rxb1 42. Nxb1 Ra4 43. Rc2 Rb4 44. Nc3 Nxf5 45. exf5 a5 46. Kf2 a4 47. Ra2 Kg7
48. Be2 Nc7 49. Ra3 Na8 50. Ne4 Rb6 51. Bd1 Rb2+ 52. Ke3 Nb6 53. Nxd6 Rh2 54.
Rc3 Kf8 55. Be2 Ke7 56. Ne4 a3 57. Nf2 Bb5 58. Rxa3 Bxc4 59. Ra7+ Kd6 60. Bxc4
Nxc4+ 61. Kf3 Kxd5 62. Rd7+ Kc6 63. Re7 Rh6 64. Kg3 Ne5 65. Re8 c4 66. Rc8+ Kb7
67. Rc5 Kb6 68. Rc8 Rh4 69. Rf8 c3 70. Rxf6+ 0-1

[Event "Al Ain Classic 2012"]
[Site "Al-Ain UAE"]
[Date "2012.12.23"]
[Round "2.5"]
[White "Hassan, Sayed Barakat"]
[Black "Bakre, Tejas"]
[Result "0-1"]
[WhiteTitle "IM"]
[BlackTitle "GM"]
[WhiteElo "2347"]
[BlackElo "2492"]
[WhiteFideId "10600299"]
[BlackFideId "5004195"]
[EventDate "2012.12.22"]

1. e4 c5 2. Nc3 Nc6 3. f4 g6 4. Nf3 Bg7 5. Bb5 Nd4 6. O-O a6 7. Bd3 d6 8. Nxd4
cxd4 9. Ne2 Nf6 10. Kh1 O-O 11. c3 dxc3 12. dxc3 b6 13. Qe1 Bb7 14. Ng1 Rc8 15.
Nf3 Rc5 16. f5 Qa8 17. Be3 Rcc8 18. Bxb6 Bxe4 19. Bxe4 Qxe4 20. fxg6 hxg6 21.
Qf2 Qb7 22. Rab1 Rc4 23. Be3 Rg4 24. Nd2 Ra4 25. a3 Ng4 26. Qf3 Qxf3 27. Rxf3
Rb8 28. Bg5 Ne5 29. Rff1 f6 30. Be3 Nd3 31. b3 Rxa3 32. Ra1 Rxa1 33. Rxa1 f5 34.
Bd4 Bh6 35. Nf1 Rxb3 36. Rxa6 Nf4 37. g3 Rb1 38. Kg1 Ne2+ 39. Kf2 Nxd4 40. cxd4
Rd1 41. Ra4 Bg7 42. Ne3 Rxd4 43. Ra7 Kf7 44. Kf3 Rd2 45. Nc4 Rd4 46. Ne3 Bh6 47.
Ng2 Rd3+ 48. Ke2 Rd2+ 49. Kf3 Kf6 50. h3 e5 51. g4 Rd3+ 0-1

[Event "Al Ain Classic 2012"]
[Site "Al-Ain UAE"]
[Date "2012.12.23"]
[Round "2.6"]
[White "Arjun, Bharat"]
[Black "Dimakiling, Oliver"]
[Result "1/2-1/2"]
[WhiteTitle "CM"]
[BlackTitle "IM"]
[WhiteElo "2295"]
[BlackElo "2453"]
[WhiteFideId "5032725"]
[BlackFideId "5202248"]
[EventDate "2012.12.22"]

1. Nf3 d6 2. d4 Bg4 3. c4 Nd7 4. Nc3 e5 5. d5 Bxf3 6. gxf3 g6 7. e4 h5 8. Qb3 b6
9. Bh3 Bh6 10. Bxh6 Rxh6 11. Qb5 Nf6 12. Qc6 a6 13. a4 Ke7 14. Kd2 Rh8 15. Kc2
Qb8 16. a5 Rd8 17. Rhd1 Kf8 18. Ra3 Kg7 19. axb6 cxb6 20. Bxd7 Nxd7 21. Rda1 Nc5
22. Nb5 a5 23. Kd2 Na6 24. Ra4 Nb4 25. Rxb4 axb4 26. Rxa8 Qxa8 27. Qxb6 Qa2 28.
Qxd8 Qxb2+ 29. Kd3 Qb1+ 30. Kd2 Qb2+ 31. Kd3 1/2-1/2

[Event "Al Ain Classic 2012"]
[Site "Al-Ain UAE"]
[Date "2012.12.23"]
[Round "2.7"]
[White "Abdel Razik, Khaled"]
[Black "Soloviova, Liza"]
[Result "1-0"]
[WhiteTitle "IM"]
[BlackTitle "WGM"]
[WhiteElo "2448"]
[BlackElo "2287"]
[WhiteFideId "10601104"]
[BlackFideId "14117665"]
[EventDate "2012.12.22"]

1. c4 Nf6 2. g3 g6 3. Bg2 Bg7 4. Nc3 d6 5. d3 Nbd7 6. Bd2 O-O 7. Qc1 Re8 8. Bh6
Bh8 9. Nf3 c6 10. Rb1 a5 11. h4 Ng4 12. h5 Qb6 13. Nd1 e5 14. hxg6 hxg6 15. Bd2
Nc5 16. Ng5 Bf5 17. Ne3 Bf6 18. Nxg4 Bxg4 19. Kf1 Qd8 20. f3 Be6 21. Rh2 Rc8 22.
Kf2 Qb6 23. Kf1 Bf5 24. Bh3 Bxh3+ 25. Rxh3 d5 26. Kg2 Ne6 27. Nxe6 fxe6 28. Bc3
Qc7 29. Qh6 Qg7 30. Rbh1 d4 31. Bxa5 Qxh6 32. Rxh6 Ra8 33. b4 b6 34. Bxb6 Rxa2
35. Kf2 Kf7 36. Rh7+ Bg7 37. Bc7 Kg8 38. Rxg7+ Kxg7 39. Bxe5+ Kg8 40. Rh8+ Kf7
41. Rh7+ Kf8 42. Rc7 Ra6 43. f4 Rd8 44. Rh7 Ke8 45. b5 cxb5 46. cxb5 Ra2 47. b6
Rb2 48. b7 1-0

[Event "Al Ain Classic 2012"]
[Site "Al-Ain UAE"]
[Date "2012.12.23"]
[Round "2.8"]
[White "Mokhtar, Ahmed"]
[Black "Raetsky, Alexander"]
[Result "0-1"]
[BlackTitle "GM"]
[WhiteElo "2282"]
[BlackElo "2427"]
[WhiteFideId "10600698"]
[BlackFideId "4103203"]
[EventDate "2012.12.22"]

1. d4 d5 2. c4 dxc4 3. e4 Nc6 4. Nf3 Bg4 5. Bxc4 e6 6. Be3 Bxf3 7. gxf3 Qf6 8.
Bb5 Bb4+ 9. Ke2 Ne7 10. Qa4 O-O 11. a3 Ba5 12. Nc3 Bb6 13. Rad1 Rad8 14. h4
Nxd4+ 15. Rxd4 Rxd4 16. Qc2 Ng6 17. Bxd4 Bxd4 18. h5 Nf4+ 19. Ke1 c5 20. Bf1
Bxc3+ 21. bxc3 h6 22. a4 Rd8 23. a5 Qe5 24. a6 b6 25. Rh4 Nxh5 26. Qc1 Nf6 27.
Be2 Qg5 28. Qxg5 hxg5 29. Rh1 Nd7 30. Rg1 f6 31. Bc4 Kf7 32. Ke2 Ne5 33. Ba2 Rd3 0-1

[Event "Al Ain Classic 2012"]
[Site "Al-Ain UAE"]
[Date "2012.12.23"]
[Round "2.9"]
[White "Bajarani, Ulvi"]
[Black "Yasseen, Aly"]
[Result "1/2-1/2"]
[WhiteTitle "IM"]
[BlackTitle "IM"]
[WhiteElo "2425"]
[BlackElo "2280"]
[WhiteFideId "13403028"]
[BlackFideId "10600116"]
[EventDate "2012.12.22"]

1. e4 c5 2. Nf3 d6 3. d4 cxd4 4. Nxd4 Nf6 5. Nc3 Nc6 6. Bg5 e6 7. Qd2 a6 8.
O-O-O Bd7 9. f4 h6 10. Bh4 g5 11. fxg5 Ng4 12. Nxc6 Bxc6 13. Be2 Ne5 14. g3 Ng6
15. Kb1 h5 16. Qd4 Rh7 17. Rhf1 Qc7 18. Nd5 exd5 19. exd5 Bb5 20. c4 Bd7 21.
Qe4+ Be7 22. g4 hxg4 23. Bg3 b6 24. Bxg4 Bxg4 25. Qxg4 Rc8 26. b3 Qd7 27. Qd4 b5
28. cxb5 axb5 29. h4 Qh3 30. Qd3 b4 31. Qa6 Rd8 32. Qd3 Rc8 33. Qa6 Rd8 34. Qd3 1/2-1/2

[Event "Al Ain Classic 2012"]
[Site "Al-Ain UAE"]
[Date "2012.12.23"]
[Round "2.10"]
[White "Tissir, Mohamed"]
[Black "Hamdouchi, Adina-Maria"]
[Result "1/2-1/2"]
[WhiteTitle "IM"]
[BlackTitle "WGM"]
[WhiteElo "2411"]
[BlackElo "2211"]
[WhiteFideId "9000240"]
[BlackFideId "1206435"]
[EventDate "2012.12.22"]

1. e4 g6 2. Nc3 Bg7 3. d4 d6 4. Nf3 a6 5. Bd3 Nd7 6. O-O c5 7. dxc5 Nxc5 8. Bc4
Be6 9. Bxe6 Nxe6 10. Nd5 Nf6 11. Re1 O-O 12. c3 Rc8 13. Nxf6+ Bxf6 14. Bh6 Re8
15. Qd2 Qa5 16. Be3 b5 17. Nd4 Nxd4 18. Bxd4 Bxd4 19. Qxd4 Rc4 20. Qd3 Rec8 21.
a3 Qb6 22. h4 Qc5 23. g3 a5 24. Re2 h5 25. Rae1 e6 26. Rd1 Rd8 27. Qf3 Qe5 28.
Qd3 Qc5 29. Qf3 Qe5 30. Qd3 1/2-1/2

[Event "Al Ain Classic 2012"]
[Site "Al-Ain UAE"]
[Date "2012.12.23"]
[Round "2.11"]
[White "Mohamed, Tarek"]
[Black "Ibrayev, Nurlan"]
[Result "1/2-1/2"]
[BlackTitle "GM"]
[WhiteElo "2274"]
[BlackElo "2406"]
[WhiteFideId "10617981"]
[BlackFideId "13700650"]
[EventDate "2012.12.22"]

1. Nf3 c5 2. c4 b6 3. g3 Bb7 4. Bg2 g6 5. Nc3 Bg7 6. d3 Nf6 7. e4 O-O 8. O-O d6
9. h3 Nbd7 10. Be3 h6 11. Qd2 Kh7 12. Nh2 Rb8 13. f4 a6 14. a4 e6 15. g4 d5 16.
Bf2 d4 17. Ne2 e5 18. Bg3 exf4 19. Bxf4 Ne8 20. Bxb8 Qxb8 21. Nf3 Nc7 22. Qf4
Ne5 23. Nxe5 Ne6 24. Qd2 Bxe5 25. Rf2 Kg7 26. Raf1 a5 27. Rf3 Qd8 28. Qe1 Bc6
29. b3 Be8 30. h4 Bd7 31. Qf2 Qe7 32. Kh1 Be8 33. Bh3 Rh8 34. Ng1 Bc7 35. Bg2
Rf8 36. Nh3 Qd6 37. Qg1 Rh8 38. R1f2 Qe7 39. Qf1 Rf8 40. Qe1 Kg8 41. Rf1 Be5 42.
Kg1 Kg7 43. Bh1 Bd7 44. Qf2 Be8 45. Kg2 Bd7 46. Kg1 1/2-1/2

[Event "Al Ain Classic 2012"]
[Site "Al-Ain UAE"]
[Date "2012.12.23"]
[Round "2.12"]
[White "Abdulov, Orkhan"]
[Black "Tabatabaei, M.amin"]
[Result "1/2-1/2"]
[WhiteTitle "IM"]
[BlackTitle "FM"]
[WhiteElo "2387"]
[BlackElo "2134"]
[WhiteFideId "13402714"]
[BlackFideId "12521213"]
[EventDate "2012.12.22"]

1. e4 c6 2. d4 d5 3. Nc3 dxe4 4. Nxe4 Bf5 5. Ng3 Bg6 6. h4 h6 7. Nf3 Nd7 8. h5
Bh7 9. Bd3 Bxd3 10. Qxd3 e6 11. Bf4 Qa5+ 12. Bd2 Qc7 13. O-O-O Ngf6 14. Ne4 Nxe4
15. Qxe4 Nf6 16. Qe2 O-O-O 17. g3 Bd6 18. c4 c5 19. Bc3 cxd4 20. Nxd4 a6 21. Kb1
Kb8 22. Rhe1 Rhe8 23. Nb3 Qc6 24. Nd4 Qc5 25. g4 Bc7 26. f3 Bg3 27. Rg1 Bf4 28.
Nb3 Qc6 29. c5 Nd5 30. Bd4 e5 31. Bf2 Qa4 32. Be1 Nb4 33. Bxb4 Qxb4 34. c6 Qb5
35. Qxb5 axb5 36. cxb7 Kxb7 37. Nc5+ Kc6 38. Ne4 Rd4 39. Rxd4 exd4 40. Kc2 Kd5
41. Kd3 Ra8 42. a3 b4 43. axb4 Ra4 44. b3 Rxb4 1/2-1/2

[Event "Al Ain Classic 2012"]
[Site "Al-Ain UAE"]
[Date "2012.12.23"]
[Round "2.13"]
[White "Solomons, Anzel"]
[Black "Karim, Ismael"]
[Result "0-1"]
[WhiteTitle "WIM"]
[BlackTitle "IM"]
[WhiteElo "1928"]
[BlackElo "2383"]
[WhiteFideId "14300800"]
[BlackFideId "625736"]
[EventDate "2012.12.22"]

1. d4 d6 2. Nf3 g6 3. e3 Bg7 4. Bd3 Nd7 5. O-O e5 6. Nbd2 Ne7 7. b3 Nc6 8. Bb2
O-O 9. a3 h6 10. c4 f5 11. dxe5 dxe5 12. e4 Nc5 13. Bb1 f4 14. Qc2 a5 15. Bc3 g5
16. Ba2 g4 17. Ne1 Ne6 18. b4 Ncd4 19. Qd1 f3 20. c5 Ne2+ 0-1

[Event "Al Ain Classic 2012"]
[Site "Al-Ain UAE"]
[Date "2012.12.23"]
[Round "2.14"]
[White "Tarasova, Viktoriya"]
[Black "Mohannad, Farhan"]
[Result "1-0"]
[WhiteTitle "WIM"]
[BlackTitle "FM"]
[WhiteElo "2254"]
[BlackElo "2263"]
[WhiteFideId "4175840"]
[BlackFideId "8100918"]
[EventDate "2012.12.22"]

1. d4 Nf6 2. c4 e6 3. Nc3 Bb4 4. Nf3 b6 5. e3 O-O 6. Bd3 c5 7. O-O Bxc3 8. bxc3
Bb7 9. Qe2 d6 10. e4 Nbd7 11. Bf4 d5 12. cxd5 exd5 13. e5 Re8 14. Qc2 Ne4 15.
Nd2 cxd4 16. cxd4 Rc8 17. Qb1 f5 18. f3 Nxd2 19. Bxd2 g6 20. g4 Qh4 21. Qe1 Qxe1
22. Raxe1 fxg4 23. fxg4 Nf8 24. Bb5 Bc6 25. Ba6 Rc7 26. Bd3 Ne6 27. Be3 Bd7 28.
Rd1 Rc3 29. Rf2 Ba4 30. Rdd2 b5 31. h4 Rc1+ 32. Kh2 Re1 33. Be2 b4 34. Bh6 a5
35. h5 Bd7 36. Bd3 g5 37. Bf5 a4 38. Rb2 Rb8 39. Bxe6+ Bxe6 40. Rxb4 Rc8 41. Rb7
Re3 42. Rg7+ Kh8 43. Rxg5 Re4 44. Bg7+ Kg8 45. Bf8+ Kh8 46. Be7 h6 47. Bf6+ Kh7
48. Rg7+ Kh8 49. Re7+ Kg8 50. Rxe6 Rxd4 51. Rg2 1-0

[Event "Al Ain Classic 2012"]
[Site "Al-Ain UAE"]
[Date "2012.12.23"]
[Round "2.15"]
[White "Mammadov, Zaur"]
[Black "Bennett, John M"]
[Result "1-0"]
[WhiteTitle "IM"]
[WhiteElo "2459"]
[BlackElo "2066"]
[WhiteFideId "13401033"]
[BlackFideId "403261"]
[EventDate "2012.12.22"]

1. e4 c5 2. c3 d6 3. d4 Nf6 4. Bd3 g6 5. Nf3 Bg7 6. O-O O-O 7. h3 Nc6 8. Na3
cxd4 9. cxd4 d5 10. e5 Ne4 11. Nc2 f6 12. exf6 exf6 13. Ne3 f5 14. Qa4 Be6 15.
Bb5 Rc8 16. Nc2 f4 17. Bxc6 Rxc6 18. Nce1 Qb6 19. Nd3 Rc4 20. Qb3 Bxd4 21. Nxd4
Qxd4 22. Bxf4 Nc3 23. bxc3 Rxc3 24. Qxb7 Rxd3 25. Bh6 Re8 26. Rae1 Bf7 27. Rxe8+
Bxe8 28. Qe7 1-0

[Event "Al Ain Classic 2012"]
[Site "Al-Ain UAE"]
[Date "2012.12.23"]
[Round "2.16"]
[White "Khadzh Khamed, Naser"]
[Black "El Ghazali, Youssef M."]
[Result "0-1"]
[BlackTitle "IM"]
[WhiteElo "2021"]
[BlackElo "2244"]
[WhiteFideId "14118920"]
[BlackFideId "10600167"]
[EventDate "2012.12.22"]

1. e4 c5 2. Nf3 Nc6 3. d4 cxd4 4. Nxd4 Nf6 5. Nc3 d6 6. Be2 e6 7. Be3 Be7 8. f3
a6 9. Qd2 Qc7 10. O-O-O b5 11. g4 b4 12. Na4 Bd7 13. Nxc6 Bxc6 14. Nb6 Rb8 15.
g5 Nh5 16. Qxb4 O-O 17. Qa5 Bd8 18. Qxa6 Be7 19. h4 Rfd8 20. Bc4 Bf8 21. Rd3 Bb7
22. Qa7 d5 23. exd5 Nf4 24. Rc3 exd5 25. Bxd5 Ne2+ 26. Kd2 Nxc3 27. bxc3 Bc5 28.
Re1 Qxb6 29. Bxc5 Rxd5+ 30. Kc1 Qxa7 31. Bxa7 Rc8 32. Re7 Bc6 33. Bd4 Rf5 0-1

[Event "Al Ain Classic 2012"]
[Site "Al-Ain UAE"]
[Date "2012.12.23"]
[Round "2.17"]
[White "Raes, A"]
[Black "Abdalla, Sayed"]
[Result "1-0"]
[WhiteElo "2235"]
[BlackElo "2009"]
[WhiteFideId "7600801"]
[BlackFideId "10619640"]
[EventDate "2012.12.22"]

1. Nf3 Nf6 2. c4 e6 3. d4 d5 4. Nc3 c5 5. cxd5 exd5 6. g3 Nc6 7. Bg2 Be7 8. O-O
O-O 9. Bg5 cxd4 10. Nxd4 h6 11. Be3 Re8 12. Rc1 Bg4 13. h3 Be6 14. Nxc6 bxc6 15.
Na4 Qc8 16. Kh2 Qb7 17. Bc5 Bd8 18. Bd4 Ne4 19. f3 Nd6 20. Nc5 Qb8 21. e4 Nb5
22. Nxe6 Rxe6 23. exd5 cxd5 24. Bf2 Nc7 25. Rc2 Qb7 26. f4 Bf6 27. Qc1 Re7 28.
Rd1 Rd8 29. Rd3 Ne6 30. Qd1 Red7 31. Rcd2 Nc7 32. Qa4 a6 33. Qa5 Rd6 34. Rb3 Qc8
35. Rc2 R8d7 36. Bb6 Bd8 37. Bf1 d4 38. Bd3 Qb7 39. Bxc7 Bxc7 40. Rxc7 Rxc7 41.
Rxb7 Rxb7 42. b4 1-0

[Event "Al Ain Classic 2012"]
[Site "Al-Ain UAE"]
[Date "2012.12.23"]
[Round "2.19"]
[White "Ayyad, Husain"]
[Black "Nassajtorshizi, Amirmorteza"]
[Result "1-0"]
[WhiteTitle "FM"]
[WhiteElo "2205"]
[BlackElo "1999"]
[WhiteFideId "11200243"]
[BlackFideId "12511242"]
[EventDate "2012.12.22"]

1. e4 c5 2. Nf3 Nc6 3. d4 cxd4 4. Nxd4 g6 5. Bc4 Bg7 6. Nxc6 bxc6 7. O-O d6 8.
Nc3 Qc7 9. Bg5 Nf6 10. h3 Rb8 11. Qd2 O-O 12. Rad1 Rb4 13. b3 a5 14. Rfe1 Be6
15. a3 Rbb8 16. Bf1 Rbe8 17. Na4 Nd7 18. Be3 f5 19. Bg5 Ne5 20. c4 c5 21. Nc3
Nc6 22. exf5 Bxf5 23. Nb5 Qd7 24. Be3 Qc8 25. Be2 Bxh3 26. gxh3 Ne5 27. Qd5+ Kh8
28. Qg2 Rf5 29. f4 Bh6 30. Qg3 g5 31. fxe5 1-0

[Event "Al Ain Classic 2012"]
[Site "Al-Ain UAE"]
[Date "2012.12.23"]
[Round "2.20"]
[White "Bharat, Vijay"]
[Black "Zabeib, Mohamed"]
[Result "0-1"]
[WhiteElo "1961"]
[BlackElo "2158"]
[WhiteFideId "5032784"]
[BlackFideId "10607617"]
[EventDate "2012.12.22"]

1. d4 Nf6 2. c4 g6 3. Nc3 d5 4. Bg5 Ne4 5. Bf4 Nxc3 6. bxc3 Bg7 7. e3 O-O 8. Nf3
c5 9. Rc1 Nc6 10. cxd5 Qxd5 11. c4 Qd8 12. d5 Qa5+ 13. Qd2 Nb4 14. Be2 Qxa2 15.
O-O Qxd2 16. Nxd2 b6 17. e4 e5 18. Be3 Bd7 19. Nb1 f5 20. f3 a5 21. Na3 h5 22.
Rb1 Kh7 23. Rfc1 Bh6 24. Bxh6 Kxh6 25. Rc3 fxe4 26. fxe4 Rf4 27. Re3 Raf8 28.
Rf1 Bg4 29. Bf3 g5 30. h3 Bd7 31. Be2 Rxf1+ 32. Bxf1 Kg6 33. g3 h4 34. g4 Rf4
35. Kg2 Kg7 36. Be2 Be8 37. Bd1 Kf6 38. Bf3 Ke7 39. Kf2 Ba4 40. Ke2 Nc2 41. Nxc2
Bxc2 42. Kd2 Ba4 43. Ra3 Be8 44. Ke3 Rf6 45. Be2 Kd6 46. Ra1 Kc7 47. Bd3 Rf4 48.
Be2 Bd7 49. Ra2 Kb7 50. Ra1 Ka6 51. Bd3 a4 52. Bc2 Ka5 53. Rb1 Rf6 54. Ke2 b5
55. cxb5 Bxb5+ 56. Ke3 c4 57. Rd1 Kb4 58. d6 Rf7 59. Rd5 Rd7 60. Kd2 Bc6 61.
Rxe5 Rxd6+ 62. Kc1 a3 63. Rxg5 a2 64. Kb2 Rd2 0-1

[Event "Al Ain Classic 2012"]
[Site "Al-Ain UAE"]
[Date "2012.12.23"]
[Round "2.21"]
[White "Enkhtuul, Altanulzii"]
[Black "Ahmed, Fayez"]
[Result "1-0"]
[WhiteTitle "WIM"]
[WhiteElo "2153"]
[BlackElo "1959"]
[WhiteFideId "4901444"]
[BlackFideId "9300449"]
[EventDate "2012.12.22"]

1. d4 Nf6 2. Nf3 e6 3. g3 b6 4. Bg2 Bb7 5. c4 Bb4+ 6. Bd2 Be7 7. O-O c5 8. Bf4
Qc8 9. Nc3 d6 10. Nb5 Qd7 11. dxc5 O-O 12. cxd6 Bd8 13. Ne5 Qc8 14. d7 Nbxd7 15.
Nd6 Qc7 16. Bxb7 Rb8 17. Bg2 Nxe5 18. Nb5 Qc5 19. b4 Qxc4 20. Bxe5 Be7 21. Bxb8
Rxb8 22. Nxa7 Rd8 23. Qb3 Qxe2 24. Nc6 Re8 25. Nxe7+ Rxe7 26. Qf3 Qc4 27. Rac1
Qxb4 28. Rc8+ Ne8 29. Qa8 Kf8 30. Bc6 1-0

[Event "Al Ain Classic 2012"]
[Site "Al-Ain UAE"]
[Date "2012.12.23"]
[Round "2.22"]
[White "Nesterovskaya, Anzhelika"]
[Black "Magdy, Kassem"]
[Result "1-0"]
[WhiteTitle "WF"]
[WhiteElo "2133"]
[BlackElo "1956"]
[WhiteFideId "14114895"]
[BlackFideId "10618791"]
[EventDate "2012.12.22"]

1. e4 d6 2. d4 Nf6 3. Nc3 g6 4. g3 Bg7 5. Bg2 O-O 6. Nge2 c6 7. f4 e5 8. O-O Qb6
9. Kh1 Re8 10. Be3 Qxb2 11. dxe5 dxe5 12. a3 Bg4 13. Qd2 Bxe2 14. Rfb1 1-0

[Event "Al Ain Classic 2012"]
[Site "Al-Ain UAE"]
[Date "2012.12.23"]
[Round "2.23"]
[White "Saydaliev, Saidakbar"]
[Black "Ihsan, Jawad"]
[Result "0-1"]
[BlackTitle "CM"]
[WhiteElo "1950"]
[BlackElo "2126"]
[WhiteFideId "14203693"]
[BlackFideId "11500263"]
[EventDate "2012.12.22"]

1. d4 Nf6 2. c4 e6 3. g3 Bb4+ 4. Bd2 Qe7 5. Nf3 O-O 6. a3 Bxd2+ 7. Nbxd2 d6 8.
Bg2 e5 9. e3 Nc6 10. O-O Bg4 11. Qc2 e4 12. Ng5 Be2 13. Rfe1 Bd3 14. Qc3 h6 15.
Nh3 d5 16. Nf4 dxc4 17. Nxc4 Bxc4 18. Qxc4 Rad8 19. Rac1 g5 20. Ne2 Ne8 21. Nc3
Nd6 22. Qd5 Rfe8 23. b4 Kg7 24. g4 Qd7 25. h3 Ne7 26. Qe5+ f6 27. Qg3 Ng6 28.
Nxe4 Rxe4 29. Bxe4 Nxe4 30. Qxc7 Nh4 31. Qxd7+ Rxd7 32. Red1 Kf7 33. Kf1 f5 34.
Ke2 Nd6 35. f3 Re7 36. Kf2 fxg4 37. hxg4 Ke6 38. Ke2 Kd7 39. Rg1 Nb5 40. Kf2 Rf7
41. Rg3 Nxa3 42. e4 Nb5 43. Ke3 Rf6 44. Rc5 Nc7 45. d5 Rb6 46. Rc4 Ra6 47. Kd3
Ra3+ 48. Rc3 Ra4 49. Rb3 Nb5 50. e5 Ra1 51. Kc4 Nc7 52. Rd3 Rc1+ 53. Kb3 Re1 54.
f4 gxf4 55. Rh3 f3 56. Rxh4 f2 57. Rf3 f1=Q 58. Rxf1 Rxf1 59. d6 Ne6 60. Rxh6
Rf7 61. Kc3 Rg7 62. Rh4 Ng5 63. Rh6 Ne6 64. Rf6 Nd8 65. Rf4 Rg5 66. Re4 Ke6 67.
b5 Nf7 68. Ra4 Rxe5 69. Rxa7 Rxb5 70. Ra4 Nxd6 71. Kd3 Rb3+ 72. Ke2 Rg3 0-1

[Event "Al Ain Classic 2012"]
[Site "Al-Ain UAE"]
[Date "2012.12.23"]
[Round "2.24"]
[White "Molina, Antonio"]
[Black "Asgarova, Turan"]
[Result "1-0"]
[WhiteTitle "FM"]
[WhiteElo "2099"]
[BlackElo "1932"]
[WhiteFideId "5201365"]
[BlackFideId "13403451"]
[EventDate "2012.12.22"]

1. d4 Nf6 2. c4 g6 3. Nc3 Bg7 4. e4 d6 5. Nf3 O-O 6. Be2 e5 7. O-O Nc6 8. d5 Ne7
9. Ne1 Nd7 10. Be3 f5 11. f3 f4 12. Bf2 g5 13. a4 a5 14. Nd3 Nf6 15. c5 h5 16.
cxd6 cxd6 17. Rc1 Ng6 18. Nb5 Rf7 19. Qc2 Ne8 20. Kh1 g4 21. Qc3 Qg5 22. Qe1 Bf8
23. Rc2 Rg7 24. Qc1 Bd7 25. g3 h4 26. gxf4 Nxf4 27. Nxf4 g3 28. Ng2 Qg6 29. Bd3
Qh5 30. Rg1 h3 31. Bxg3 Qxf3 32. Qf1 hxg2+ 33. Rgxg2 Qh5 34. Be2 Qh7 35. Qf3 Bh3
36. Rg1 Rd8 37. Qe3 Nf6 38. Bf3 Ng4 39. Qc1 Rdd7 40. Nc3 Rdf7 41. Bg2 Be7 42.
Re2 Bg5 43. Qe1 Bf4 44. Bxf4 exf4 45. Bxh3 Qxh3 46. Qf1 f3 47. Qxh3 fxe2 48.
Qxg4 e1=Q 49. Qc8+ Rf8 50. Qe6+ 1-0

[Event "Al Ain Classic 2012"]
[Site "Al-Ain UAE"]
[Date "2012.12.23"]
[Round "2.25"]
[White "Sameir, Ramez"]
[Black "Amer, Mohammed Bishara"]
[Result "0-1"]
[WhiteElo "2068"]
[BlackElo "1924"]
[WhiteFideId "10606017"]
[BlackFideId "12200719"]
[EventDate "2012.12.22"]

1. e4 c5 2. d4 cxd4 3. c3 d5 4. exd5 Nf6 5. cxd4 Qxd5 6. Nc3 Qd8 7. Nf3 e6 8.
Bc4 Be7 9. O-O O-O 10. Qe2 Nc6 11. Rd1 Na5 12. Bd3 a6 13. Bg5 Nc6 14. a3 Nd5 15.
Ne4 Nxd4 16. Nxd4 Bxg5 17. Qh5 h6 18. g3 Bf6 19. Bc4 Bxd4 20. Rxd4 Nf6 21. Qc5
Nxe4 22. Rxe4 b5 23. Be2 Bb7 24. Rd4 Qf6 25. a4 Rfc8 26. Qb4 a5 27. Qd2 b4 28.
Rd1 Bd5 29. Rf4 Qe5 30. Re1 Qg5 31. h4 Qg6 32. Bd3 f5 33. Re5 Rd8 34. Bxf5 Qe8
35. Rd4 Bf3 36. Bxe6+ Kh8 37. Rxd8 Qxd8 38. Qxd8+ Rxd8 39. g4 Re8 40. Re3 Bd1
41. b3 g5 42. hxg5 hxg5 43. Kh2 Kg7 44. Kg3 Kf6 45. Bc4 Rxe3+ 46. fxe3 Ke5 47.
Bf7 Ke4 48. Kf2 Bxg4 49. Bg6+ Ke5 50. Bc2 Be6 51. Kf3 Bd5+ 52. Kg4 Be4 53. Bd1
Bd3 54. Bf3 Bc2 55. Kxg5 Bxb3 56. Bc6 Bc2 57. Bb5 b3 58. Bc4 b2 59. Ba2 Bxa4 60.
Kg4 Ke4 61. Bb1+ Kxe3 62. Kf5 Kd4 63. Ke6 Bb3+ 0-1